| 000 | 00937cam a2200241 4500 | ||
|---|---|---|---|
| 001 | ABS62644 | ||
| 008 | 000000n2000 000 0 eng u | ||
| 035 | _a(Sirsi) u107206 | ||
| 100 | _aBingham, T. | ||
| 245 | _aPebbles that spell trouble | ||
| 260 | _c2000 | ||
| 490 |
_aBuilding _v265(8141) 16 June 2000, 65(1) |
||
| 520 | _aThe Contracts (Rights of Third Parties) Act 1999 tries to protect the rights of third parties. Considers the crucial point of intention. It is necessary to find an intention that the parties conferred the right to sue on the contract term, and illustrates with examples, the problematic nature of proving intention. | ||
| 590 | _aABS | ||
| 650 | _aCONTRACTS (RIGHTS OF THIRD PARTIES) ACT 1999 | ||
| 650 | _aINTENTION | ||
| 650 | _aTHIRD PARTY RIGHTS | ||
| 650 | _aBENEFIT | ||
| 650 | _aBUILT ENVIRONMENT-BUILDING CONTRACT FORMS | ||
| 650 | _aEXCLUSION CLAUSES | ||
| 690 | _aLAW | ||
| 942 | _n0 | ||
| 999 |
_c64092 _d64092 |
||